Médiá vo vyučovaní reálií

Predmet krajinoveda - reálie ako súčasť interkultúrneho vyučovania cudzích jazykov. Médiá - vhodný prostriedok, ktorý môže výučbu reálií pozitívne ovplyvniť. Staré a nové médiá. Využívanie audiovizuálnych médií.

Gespeichert in:
Bibliographische Detailangaben
1. Verfasser: Kunovská, Ingrid, 1976-
Format: Buchkapitel
Sprache:Slowakisch
Schlagworte:
Tags: Tag hinzufügen
Keine Tags, Fügen Sie das erste Tag hinzu!

MARC

LEADER 00000nla$a2200000$$$4500
001 0083961
005 20240502071938.0
041 0 |a slo 
044 |a SK 
245 1 0 |a Médiá vo vyučovaní reálií  |c Ingrid Kunovská 
520 |a Predmet krajinoveda - reálie ako súčasť interkultúrneho vyučovania cudzích jazykov. Médiá - vhodný prostriedok, ktorý môže výučbu reálií pozitívne ovplyvniť. Staré a nové médiá. Využívanie audiovizuálnych médií. 
610 2 0 |a vzdelávanie 
610 2 0 |a vyučovanie 
610 2 0 |a predmety učebné 
610 2 0 |a jazyky cudzie 
610 2 0 |a médiá 
610 2 0 |a tlač 
610 2 0 |a literatúra 
610 2 0 |a internet 
610 2 0 |a komunikácia 
100 1 |a Kunovská, Ingrid, 1976-